000 01288cad a22002535a 4500
001 L145592
008 081024s2008 xxk f lf000 0 eng d
035 _a(Sirsi) u145592
041 0 _aeng
050 0 4 _a346.41043 $2 18
110 2 _aUnited Kingdom
_kLaws, etc.
_95044
245 0 4 _aThe Commonhold (Land Registration) (Amendment) Rules 2008
_h[electronic resource]
260 _aLondon
_OPSI
_c2008
505 2 _aCitation and commencement -- Interpretation -- Amendment to rule 5 -- Amendments to rule 6 -- Amendment to rule 14 -- Amendment to rule 20 -- Amendment to rule 25 -- Amendments to Schedule 1 to the principal rules
520 _aThe Commonhold (Land Registration) (Amendment) Rules 2008 come into force 10 November 2008 and provide various small amendments and substitutions to the Commonhold (Land Registration) Rules 2004.
521 _aAdvanced
590 _aKA
650 2 4 _aCOMMONHOLD (LAND REGISTRATION) RULES 2004
650 2 4 _aCOMMONHOLD (LAND REGISTRATION) (AMENDMENT) RULES 2008
651 4 _aEngland and Wales
_y1543-
690 _aPROPERTY-PROPERTY ACQUISITION AND DISPOSAL-REGISTRATION OF TITLE TO PROPERTY
856 4 0 _uhttps://www.opsi.gov.uk/si/si2008/uksi_20081920_en_1
_zView the item free of charge online at www.opsi.gov.uk...
942 _n0
999 _c108828
_d108828